Statistics for Countries with British military bases

Click here to take the quiz!

General Stats

  • This quiz has been taken 33 times
  • The average score is 5 of 10

Answer Stats

Continent Country % Correct
North AmericaCanada
97%
EuropeGermany
71%
EuropeCyprus
58%
North AmericaBelize
52%
AsiaSingapore
42%
AsiaBahrain
35%
AsiaBrunei
35%
AfricaKenya
35%
AsiaNepal
26%
AsiaQatar
26%

Score Distribution

Percentile by Number Answered

Percent of People with Each Score

Your Score History

You have not taken this quiz